000 00468nam a2200181Ia 4500
005 20240823050000.0
008 240823s9999||||xx |||||||||||||| ||und||
020 _a978-1-25-900334-9
041 _aENGLISH
082 _A587 Q2
100 _aSharma O P
245 0 _aPteridophyta : Diversity of Microbes and Cryptogams
250 _a1st
260 _c2012
_b"Tata Mcgraw Hill,New "
500 _aYES
650 _aPteridophyta
_bBio Medical Engg.
942 _cBK
999 _c216211
_d216211